00486nam a2200169 a 450000100060000000300090000600800410001504000280005608200180008411000280010224500220013026000690015230000210022165000220024265000280026465000240029210622CO-ViMGA141112s2004 ck r 000 u spa d aCO-ViMGAbspacCO-ViMGA04a759.986 B15rl aBanco de la República10aRodriguez Naranjo aBucaramanga : bBanco de la República, cArea Cultural, c1988 a58p. : il. color14aPOESIA COLOMBIANA14aRODRIGUEZ NARANJO OSCAR14aTRABAJOS PICTORICOS